| 000 | 00956nam a2200289Ia 4500 | ||
|---|---|---|---|
| 001 | B4485 | ||
| 003 | IT-RoPAU | ||
| 008 | 130308s9999 xx 000 0 und d | ||
| 040 | _aIT-RoPAU | ||
| 040 | _cIT-RoPAU | ||
| 041 | _aINGLESE | ||
| 100 | _aDowning John | ||
| 100 | _gCodice Aut. SPICS: 29601 | ||
| 245 | _aAlternative Public Realm (The): the Organization of the 1980S Anti-Nuclear Press in West Germany and Britain | ||
| 245 | _bCulture And Power-A Media, Culture & Society Reader | ||
| 250 | _a1a ed. | ||
| 260 | _aLONDON | ||
| 260 | _bSage Publications B.H. | ||
| 260 | _c1992 [1° Ed.:1992 - Ed.Ling.Originale:1992] | ||
| 300 | _a"19 p. (prefazione: no ; testo: 19 [pagine: 259-277])" | ||
| 500 | _aRegno del Pubblico Alternativo: Organizzazione della Stampa Antinucleare degli Anni 80 in Germania e Inghilterra. | ||
| 650 | _aSOCIOLOGIA | ||
| 650 | _eCodice materia Spics: 3651 | ||
| 942 | _cBK | ||
| 957 | _71 | ||
| 999 |
_c79002 _d79002 |
||
| 999 | _g1 | ||